000 00563nam a22001937a 4500
001 8569
003 FISKH
005 20250930113851.0
008 250930b cb ||||| |||| 00| 0 eng d
020 _a9781566840736
040 _aFISKH
_beng
_cFISKH
_dFISKH
082 _a745
100 _aHook, Dianne J.
245 _aScrapbook starter ideas for the early years /
_cOriginal designs by Dianne J. Hook
260 _aNew York :
_bWith Purchase,
_c1995.
300 _a64 unnumbered pages :
_bcolor illustrations ;
_c28 cm
942 _2ddc
_cBK
_n0
999 _c8569
_d8569